00000000nam##2200000za#4500
0019.642266
003CaOODSP
00520250506145323
007cr |||||||||||
008150407|1964||||xxc|||||o    f|0| 0 fre|d
040 |aCaOODSP|bfre
043 |an-cn---
0861 |aA53-1157/1964F-PDF
1101 |aCanada.|bAgriculture Canada.
24510|aPulvérisateurs agricoles / |h[ressource électronique]|c[par] D.T. Anderson et H.J. Mather.
260 |aOttawa - Ontario : |bAgriculture Canada |c1964.
300 |a28p.|bfigures
500 |aPublication historique numérisée par Agriculture et Agroalimentaire Canada.
590 |a13-17-Supp|b2013-07-25
69107|aExploitation agricole|2gcpds
69107|aPesticide|2gcpds
69107|aTechnologie agricole|2gcpds
85640|ahttp://publications.gc.ca|qPDF|s2.29 Mo|uhttps://publications.gc.ca/collections/collection_2013/aac-aafc/agrhist/A53-1157-1964-fra.pdf
986 |a1157